00797nam a2200229Ia 4500003000400000005001700004008004100021020001800062040000700080041000800087082002400095100004500119245006400164250000600228260005200234300001500286365001300301906006700314942001200381999001900393952015500412OSt20230516095405.0210423s2008 xx 000 0 und d a9788176710596 cAL aeng a574.1925223b PALT aPALMER (Trevor);BONNER (Philip).9104656 aEnzymes: biochemistry biotechnology and clinical chemistry. a2 aNew DelhibAffiliated East West Press Ltdc2008 axv,416bHB b495cINR abiochemistry ; biotechnology ; chemistry. ; clinical ; Enzymes 2ddccBK c164434d164434 001040708BIOCaSACPGbSACPGd2011-03-09eHigginbothams Pvt Ltdg495.00l8o574.1925 PALTpPG010932r2025-04-09 12:09:06s2025-04-07w2021-04-26yBK